Statistics for Biggest Non-Capital City In Each Country

Click here to take the quiz!

General Stats

  • This quiz has been taken 44 times
    (27 since last reset)
  • The average score is 48 of 194

Answer Stats

CountryPopulationAnswer% Correct
Canada5,429,524Toronto
100%
Spain1,608,746Barcelona
95%
United Arab Emirates3,386,941Dubai
91%
Italy1,396,059Milan
91%
India12,442,373Mumbai
91%
Liechtenstein5,748Schaan
91%
Russia5,398,064St. Petersburg
91%
New Zealand1,470,100Auckland
86%
Turkey14,025,646Istanbul
86%
South Africa9,167,045Johannesburg
86%
Pakistan14,916,456Karachi
86%
France1,584,738Lyon
86%
United States8,601,186New York City
86%
Brazil12,325,232Sao Paulo
86%
China20,217,748Shanghai
86%
Switzerland420,217Zurich
86%
Egypt5,039,975Alexandria
82%
Germany1,787,408Hamburg
82%
Belgium529,247Antwerp
77%
Morocco3,359,818Casablanca
77%
Vietnam8,598,700Ho Chi Minh City
77%
Portugal237,559Porto
77%
Israel460,613Tel Aviv
77%
United Kingdom1,020,589Birmingham
73%
Poland780,981Krakow
73%
Australia4,914,343Sydney
73%
Sri Lanka752,993Colombo
68%
Nigeria8,048,430Lagos
68%
Netherlands650,711Rotterdam
68%
Syria2,132,100Aleppo
64%
South Korea3,655,437Busan
64%
Ireland190,384Cork
64%
Saudi Arabia3,430,697Jeddah
64%
Greece315,196Thessaloniki
59%
Ivory Coast3,677,115Abidjan
55%
Kazakhstan1,854,656Almaty
55%
Belize61,461Belize City
55%
Norway278,121Bergen
55%
Colombia2,529,403Medellin
55%
Croatia178,102Split
55%
Tanzania4,364,541Dar Es Salaam
50%
Austria291,072Graz
50%
Czech Republic377,440Brno
45%
Myanmar5,211,431Yangon
45%
Japan3,688,773Yokohama
45%
Denmark330,639Aarhus
41%
Iraq1,225,793Basra
41%
Bangladesh2,582,401Chittagong
41%
Argentina3,722,300Cordoba
41%
Ecuador2,278,691Guayaquil
41%
Monaco16,012Monte-Carlo
41%
Philippines2,936,116Quezon City
41%
Finland281,866Espoo
36%
Kenya1,208,333Mombasa
36%
Bolivia1,441,406Santa Cruz de la Sierra
36%
Indonesia2,847,480Surabaya
36%
Libya650,629Benghazi
32%
Romania324,576Cluj-Napoca
32%
Cameroon1,338,082Douala
32%
Ukraine1,470,902Kharkiv
32%
Venezuela4,163,670Maracaibo
32%
Serbia341,625Novi Sad
32%
Chile286,931Valparaiso
32%
Peru1,008,290Arequipa
27%
Sierra Leone174,354Bo
27%
Burundi331,700Bujumbura
27%
Benin679,012Cotonou
27%
Lithuania289,380Kaunas
27%
Slovakia238,593Kosice
27%
Bulgaria338,153Plovdiv
27%
Cuba433,099Santiago de Cuba
27%
Dominican Republic1,329,091Santiago de los caballeros
27%
Hungary201,112Debrecen
23%
Albania113,249Durres
23%
St. Vincent & the Grenadines1,680Georgetown
23%
Belarus489,392Gomel
23%
Sweden599,011Goteborg
23%
Afghanistan2,140,700Herat
23%
Estonia93,715Tartu
23%
Bosnia & Herzegovina138,963Banja Luka
18%
Malta21,676Birkirkara
18%
Luxembourg33,939Esch-sur-Alzette
18%
Armenia112,400Gyumri
18%
Cyprus154,000Limassol
18%
Tunisia330,440Sfax
18%
Moldova129,500Tiraspol
18%
Lebanon730,000Tripoli
18%
Georgia204,156Batumi
14%
North Macedonia74,550Bitola
14%
Paraguay222,274Ciudad del Este
14%
Latvia82,604Daugavpils
14%
Mexico1,655,015Ecatepec
14%
Bahamas28,000Freeport
14%
Ghana1,468,609Kumasi
14%
Slovenia94,876Maribor
14%
Iran3,208,000Mashhad
14%
Honduras598,519San Pedro Sula
14%
San Marino10,976Serravalle
14%
Equatorial Guinea173,046Bata
9%
Panama241,817Colon
9%
Andorra14,599Escaldes-Engordany
9%
Azerbaijan328,400Ganja
9%
North Korea768,551Hamhung
9%
Nicaragua201,101Leon
9%
Montenegro56,970Niksic
9%
Sudan1,849,659Omdurman
9%
R. Congo715,334Pointe-Noire
9%
Kosovo177,781Prizren
9%
Jamaica145,018Spanish Town
9%
Taiwan2,809,004Taichung
9%
Antigua & Barbuda3,900All Saints
5%
Malawi584,877Blantyre
5%
Burkina Faso360,106Bobo-Dioulasso
5%
Zimbabwe699,385Bulawayo
5%
Somalia477,876Hargeysa
5%
Iceland36,975Kopavogur
5%
Suriname18,223Lelydorp
5%
Guyana44,690Linden
5%
D.R. Congo2,525,000Mbuji-Mayi
5%
Guatemala384,428Mixco
5%
Kyrgyzstan200,000Osh
5%
Bhutan27,658Phuntsholing
5%
Nepal426,759Pokhara
5%
Uruguay104,028Salto
5%
Uzbekistan509,000Samarqand
5%
El Salvador329,708Soyapango
5%
Turkmenistan279,765Turkmenabat
5%
F.S. Micronesia13,856Weno
5%
Kuwait637,411Al Ahmadi
0%
Yemen617,871Al Hudaydah
0%
Djibouti55,000Ali Sabih
0%
Seychelles4,183Anse Boileau
0%
Nauru2,381Arijejen
0%
Qatar272,465Ar Rayyan
0%
Samoa6,643Asau
0%
Ethiopia797,794Bahir Dar
0%
Mauritius111,355Beau Bassin-Rose Hill
0%
Kiribati12,509Betio Village
0%
Central African Republic129,655Bimbo
0%
St. Lucia12,980Bisee
0%
Rwanda89,600Butare
0%
Guinea1,871,242Camayenne
0%
Trinidad & Tobago67,433Chaguanas
0%
Haiti382,920Delmas
0%
Marshall Islands15,000Ebaye
0%
Mongolia86,866Erdenet
0%
St. Kitts & Nevis2,922Fig Tree
0%
Botswana98,961Francistown
0%
Maldives11,140Fuvahmulah
0%
Guinea-Bissau43,556Gabu
0%
Liberia45,835Gbarnga
0%
Grenada3,378Gouyave
0%
Uganda146,858Gulu
0%
Eritrea74,800Keren
0%
Tajikistan183,600Khujand
0%
Zambia400,914Kitwe
0%
Palau14,000Koror
0%
Brunei69,992Kuala Belait
0%
Papua New Guinea76,255Lae
0%
Tonga8,000Lapaha
0%
Fiji52,500Lautoka
0%
Angola600,751Lubango
0%
Vanuatu13,397Luganville
0%
Lesotho57,059Mafeteng
0%
Solomon Islands10,532Malango
0%
East Timor22,000Maliana
0%
Eswatini110,537Manzini
0%
Mozambique1,616,267Matola
0%
Cape Verde70,611Mindelo
0%
Chad137,929Moundou
0%
Comoros23,594Moutsamoudou
0%
Bahrain91,307Muharraq
0%
Mauritania118,167Nouadhibou
0%
Laos88,332Pakse
0%
Senegal874,062Pikine
0%
Gabon109,163Port-Gentil
0%
Dominica3,633Portsmouth
0%
Costa Rica63,081Puerto Limon
0%
Thailand388,920Samut Prakan
0%
Sao Tome & Principe1,156San Antonio
0%
Tuvalu586Savave Village
0%
Malaysia818,197Seberang Perai
0%
Oman237,816Seeb
0%
Gambia340,000Serrekunda
0%
Mali144,786Sikasso
0%
Togo117,811Sokode
0%
Barbados2,604Speightstown
0%
Cambodia843,931Takeo
0%
Madagascar206,373Toamasina
0%
Algeria803,329Wahran
0%
Namibia62,096Walvis Bay
0%
South Sudan300,000Wanyjok
0%
Jordan635,160Zarqa
0%
Niger191,424Zinder
0%

Score Distribution

Percentile by Number Answered

Percent of People with Each Score

Your Score History

You have not taken this quiz since the last reset